All NCAA D1 Men's Soccer Programs - Statistics

General Stats
  • This quiz has been taken 539 times
  • The average score is 86 of 208
Answer Stats
Conference School % Correct
Ivy Harvard
86%
Ivy Yale
84%
ACC North Carolina
83%
Atlantic 10 George Washington
82%
Ivy UPenn
82%
ACC Duke
80%
Big 10 Michigan
80%
Big 10 Ohio St
80%
Pac 12 UCLA
80%
Ivy Brown
78%
Big 10 Indiana
78%
ACC Clemson
77%
Pac 12 Washington
77%
Ivy Cornell
76%
Big 10 Penn St
76%
Ivy Princeton
76%
ACC Virginia
76%
ACC Boston College
75%
Ivy Dartmouth
75%
Big 10 Michigan St
75%
Ivy Colombia
74%
ACC Notre Dame
74%
West Coast Saint Mary's
74%
Pac 12 Oregon St
73%
Pac 12 Stanford
71%
ACC Syracuse
71%
Big 10 Maryland
69%
ACC North Carolina St
69%
ACC Virginia Tech
69%
Big 10 Wisconsin
69%
ACC Wake Forest
67%
Big 10 Rutgers
65%
American East Vermont
65%
Patriot Army
64%
Big 10 Northwestern
64%
ACC Pittsburgh
64%
Big East UConn
64%
Big West UC San Diego
64%
Patriot Navy
63%
Pac 12 California
62%
Big East Georgetown
62%
ACC Louisville
60%
Sun Belt South Carolina
60%
Atlantic 10 UMass
59%
American East UMass Lowell
59%
American East New Hampshire
57%
Sun Belt Kentucky
56%
Sun Belt West Virginia
55%
Patriot Boston University
54%
Western Athletic Air Force
53%
Big East Providence
53%
Atlantic 10 Rhode Island
53%
Pac 12 San Diego St
53%
Western Athletic UNLV
53%
American Athletic Memphis
52%
Big East St. John's
52%
American Athletic Central Florida
51%
Big East Creighton
51%
American Athletic South Florida
51%
Mid-American Akron
49%
West Coast Gonzaga
49%
Northeast Long Island
48%
American Athletic Temple
48%
Big East Villanova
48%
The Summit Denver
47%
Sun Belt Georgia St
47%
Mid-American Northern Illinois
47%
American East Albany
46%
Atlantic 10 Dayton
46%
Patriot Loyola
46%
Atlantic 10 Loyola Chicago
46%
West Coast Loyola Marymount
46%
Missouri Valley Missouri St
46%
Patriot American
45%
Colonial Athletic Delaware
45%
American Athletic Florida Atlantic
45%
Sun Belt Marshall
45%
West Coast San Francisco
45%
Big East Marquette
44%
Atlantic 10 Saint Louis
44%
American Athletic SMU
44%
Big East Xavier
44%
Big East Butler
43%
Missouri Valley Chicago
43%
Horizon IUPUI
43%
American Athletic Tulsa
43%
Big West UC Davis
43%
American Athletic Florida International
42%
Western Athletic San Jose St
42%
Big West UC Irvine
42%
Colonial Athletic Northeastern
40%
American Athletic Charlotte
39%
ASUN Jacksonville
39%
American East Binghamton
38%
Mid-American Bowling Green
38%
Horizon Cleveland St
38%
Western Athletic Seattle
38%
Big West UC Santa Barbara
38%
American East UMBC
38%
Mid-American Western Michigan
38%
Colonial Athletic William & Mary
38%
Colonial Athletic Charleston
37%
Big East DePaul
37%
Horizon Detroit Mercy
37%
Sun Belt James Madison
37%
Big West UC Riverside
36%
Patriot Bucknell
35%
Metro Atlantic Iona
35%
Metro Atlantic Manhatten
35%
Colonial Athletic UNC Wilmington
35%
Patriot Colgate
34%
Atlantic 10 Fordham
34%
Sun Belt Georgia Southern
34%
Patriot Lafayette
34%
Big West Sacramento St
34%
Big East Seton Hall
34%
Atlantic 10 Virginia Commonwealth
34%
Western Athletic Grand Canyon
33%
Patriot Holy Cross
33%
Patriot Lehigh
33%
ASUN Liberty
33%
Colonial Athletic Stony Brook
33%
American East Bryant
32%
Sun Belt Coastal Carolina
32%
Atlantic 10 Davidson
32%
Missouri Valley Drake
32%
Colonial Athletic Elon
32%
Colonial Athletic Hofstra
32%
Metro Atlantic Quinnipiac
32%
Atlantic 10 St. Bonaventure
32%
Colonial Athletic Drexel
31%
American East NJIT
31%
Horizon Oakland
31%
Metro Atlantic Siena
31%
American Athletic UAB
31%
Southern UNC Greensboro
31%
Big West Cal St Bakersfield
30%
Big West Cal St Fullerton
30%
Northeast Howard
30%
Metro Atlantic Marist
30%
The Summit Omaha
30%
West Coast Portland
30%
Horizon Robert Morris
30%
Atlantic 10 Saint Joseph's
30%
Metro Atlantic Saint Peter's
30%
West Coast Santa Clara
30%
ASUN Stetson
30%
Horizon UW Milwaukee
30%
Atlantic 10 Duquesne
29%
Metro Atlantic Fairfield
29%
Sun Belt Old Dominion
29%
Northeast St. Francis PA
29%
Horizon UW Green Bay
29%
Metro Atlantic Niagara
28%
ASUN North Florida
28%
Metro Atlantic Canisius
27%
Northeast Merrimack
27%
Colonial Athletic Monmouth
27%
West Coast Pacific
27%
Big South UNC Asheville
27%
Southern VMI
27%
Big West Cal Poly
26%
Mid-American Chicago St
26%
Southern Furman
26%
Big South High Point
26%
The Summit Kansas City
26%
The Summit Oral Roberts
26%
Northeast Sacred Heart
26%
Atlantic 10 La Salle
25%
Metro Atlantic Rider
25%
The Summit Western Illinois
25%
Big South Campbell
24%
The Summit Eastern Illinois
24%
ASUN Florida Gulf Coast
24%
Southern Mercer
24%
Southern Wofford
24%
Missouri Valley Evansville
23%
Northeast Fairleigh Dickinson
23%
Independent Hartford
23%
ASUN Lipscomb
23%
Horizon Purdue Fort Wayne
23%
The Summit St. Thomas
23%
Missouri Valley Bradley
22%
Big West Cal St Northridge
22%
Horizon Northern Kentucky
22%
Big South Presbyterian
22%
ASUN Bellarmine
21%
Big South Gardner-Webb
21%
ASUN Queens NC
21%
Missouri Valley Belmont
20%
Big South Radford
20%
Western Athletic Utah Valley
20%
Horizon Wright St
20%
ASUN Central Arkansas
19%
Metro Atlantic Mount St. Mary's
19%
Big South Longwood
18%
Northeast Stonehill
18%
The Summit Lindenwood
17%
Southern East Tennessee St
16%
Western Athletic Utah Tech
16%
Big South Winthrop
16%
Western Athletic Cal Baptist
15%
The Summit Southern Indiana
13%
Missouri Valley SIU Edwardsville
11%
Big South USC Upstate
11%
Western Athletic Texas Rio Grande Valley
9%
Northeast Central Conn St
7%
Northeast St. Francis Brooklyn
6%
No matching quizzes found
Score Distribution
Percent of People with Each Score
Percentile by Number Answered
Your Score History
You have not taken this quiz